<?xml version="1.0" encoding="UTF-8"?>
<record
    xmlns:xsi="http://www.w3.org/2001/XMLSchema-instance"
    xsi:schemaLocation="http://www.loc.gov/MARC21/slim http://www.loc.gov/standards/marcxml/schema/MARC21slim.xsd"
    xmlns="http://www.loc.gov/MARC21/slim">

  <leader>01099nam a22002657a 4500</leader>
  <controlfield tag="005">20230912120427.0</controlfield>
  <datafield tag="010" ind1=" " ind2=" ">
    <subfield code="a">UR-9827-33</subfield>
  </datafield>
  <datafield tag="020" ind1="6" ind2=" ">
    <subfield code="c">200.00(vol.1)</subfield>
  </datafield>
  <datafield tag="020" ind1="6" ind2=" ">
    <subfield code="c">160.00(vol.2)</subfield>
  </datafield>
  <datafield tag="020" ind1="6" ind2=" ">
    <subfield code="c">220.00(vol.3)</subfield>
  </datafield>
  <datafield tag="020" ind1="6" ind2=" ">
    <subfield code="c">160.00(vol.4)</subfield>
  </datafield>
  <datafield tag="020" ind1="6" ind2=" ">
    <subfield code="c">110.00(vol.5)</subfield>
  </datafield>
  <datafield tag="020" ind1="6" ind2=" ">
    <subfield code="c">240.00(vol.6)</subfield>
  </datafield>
  <datafield tag="020" ind1="6" ind2=" ">
    <subfield code="c">175.00(vol.7)</subfield>
  </datafield>
  <datafield tag="035" ind1=" " ind2=" ">
    <subfield code="a">U-8382-88</subfield>
  </datafield>
  <datafield tag="037" ind1=" " ind2=" ">
    <subfield code="b">DBAD/PUB</subfield>
  </datafield>
  <datafield tag="082" ind1=" " ind2=" ">
    <subfield code="a">270</subfield>
  </datafield>
  <datafield tag="100" ind1=" " ind2=" ">
    <subfield code="a">&#x645;&#x62D;&#x645;&#x62F; &#x641;&#x627; &#x631; &#x648; &#x642; &#x62E;&#x627; &#x646;        </subfield>
    <subfield code="9">56365</subfield>
  </datafield>
  <datafield tag="245" ind1=" " ind2=" ">
    <subfield code="a">&#x6A9;&#x644;&#x627; &#x645; &#x646;&#x628;&#x648; &#x62A; /  </subfield>
    <subfield code="c">&#x645;&#x62D;&#x645;&#x62F; &#x641;&#x627; &#x631; &#x648; &#x642; &#x62E;&#x627; &#x646; </subfield>
  </datafield>
  <datafield tag="246" ind1=" " ind2=" ">
    <subfield code="a">Kalam-e-Nubuwwat /</subfield>
    <subfield code="b">by Mohd. Farooq Khan                                                                                                                                       </subfield>
  </datafield>
  <datafield tag="260" ind1=" " ind2=" ">
    <subfield code="a">New Delhi       </subfield>
    <subfield code="b">Merkazi  Maktaba Islami Publishers</subfield>
    <subfield code="c">v-2016,v-2 2014,v.3 2014,v.4 2014,v.5 2013,v.6 2014,v.-7 2014</subfield>
  </datafield>
  <datafield tag="270" ind1=" " ind2=" ">
    <subfield code="a">D307,Dawat Nagar,Abul Fazal Enclave,Jamia Nagar ,</subfield>
    <subfield code="b">New Delhi </subfield>
    <subfield code="e">110025</subfield>
    <subfield code="k">01126971652</subfield>
    <subfield code="l">-</subfield>
  </datafield>
  <datafield tag="300" ind1=" " ind2=" ">
    <subfield code="a">7v(356 ; 240 ; 414 ; 296 ; 216 ; 388 ; 256)&#x635;</subfield>
    <subfield code="c">22cm(Hb)     </subfield>
  </datafield>
  <datafield tag="942" ind1=" " ind2=" ">
    <subfield code="2">ddc</subfield>
    <subfield code="c">UR</subfield>
    <subfield code="h">270</subfield>
    <subfield code="m">&#x645; &#x62D; &#x645;    </subfield>
    <subfield code="e"> </subfield>
  </datafield>
  <datafield tag="999" ind1=" " ind2=" ">
    <subfield code="c">146781</subfield>
    <subfield code="d">146781</subfield>
  </datafield>
  <datafield tag="952" ind1=" " ind2=" ">
    <subfield code="0">0</subfield>
    <subfield code="1">0</subfield>
    <subfield code="3">Vol,1</subfield>
    <subfield code="4">0</subfield>
    <subfield code="7">0</subfield>
    <subfield code="8">NFIC</subfield>
    <subfield code="a">BL4</subfield>
    <subfield code="b">BL4</subfield>
    <subfield code="d">2017-10-23</subfield>
    <subfield code="e">DBAD/PUB.</subfield>
    <subfield code="g">200.00</subfield>
    <subfield code="l">1</subfield>
    <subfield code="o">270 &#x645; &#x62D; &#x645;</subfield>
    <subfield code="p">U-8382</subfield>
    <subfield code="r">2026-02-26 00:00:00</subfield>
    <subfield code="s">2026-02-13</subfield>
    <subfield code="t">1</subfield>
    <subfield code="v">200.00</subfield>
    <subfield code="y">UR</subfield>
  </datafield>
  <datafield tag="952" ind1=" " ind2=" ">
    <subfield code="0">0</subfield>
    <subfield code="1">0</subfield>
    <subfield code="3">Vol,2</subfield>
    <subfield code="4">0</subfield>
    <subfield code="7">0</subfield>
    <subfield code="8">NFIC</subfield>
    <subfield code="a">BL4</subfield>
    <subfield code="b">BL4</subfield>
    <subfield code="d">2017-10-23</subfield>
    <subfield code="e">DBAD/PUB.</subfield>
    <subfield code="g">160.00</subfield>
    <subfield code="l">0</subfield>
    <subfield code="o">270 &#x645; &#x62D; &#x645;</subfield>
    <subfield code="p">U-8383</subfield>
    <subfield code="r">2017-10-23 00:00:00</subfield>
    <subfield code="t">1</subfield>
    <subfield code="v">160.00</subfield>
    <subfield code="y">UR</subfield>
  </datafield>
  <datafield tag="952" ind1=" " ind2=" ">
    <subfield code="0">0</subfield>
    <subfield code="1">0</subfield>
    <subfield code="3">Vol,3</subfield>
    <subfield code="4">0</subfield>
    <subfield code="7">0</subfield>
    <subfield code="8">NFIC</subfield>
    <subfield code="a">ZLS</subfield>
    <subfield code="b">ZLS</subfield>
    <subfield code="d">2017-10-23</subfield>
    <subfield code="e">DBAD/PUB.</subfield>
    <subfield code="g">220.00</subfield>
    <subfield code="l">0</subfield>
    <subfield code="o">270 &#x645; &#x62D; &#x645;</subfield>
    <subfield code="p">U-8384</subfield>
    <subfield code="r">2017-10-23 00:00:00</subfield>
    <subfield code="t">1</subfield>
    <subfield code="v">220.00</subfield>
    <subfield code="y">UR</subfield>
  </datafield>
  <datafield tag="952" ind1=" " ind2=" ">
    <subfield code="0">0</subfield>
    <subfield code="1">0</subfield>
    <subfield code="3">Vol,4</subfield>
    <subfield code="4">0</subfield>
    <subfield code="7">0</subfield>
    <subfield code="8">NFIC</subfield>
    <subfield code="a">ZLS</subfield>
    <subfield code="b">ZLS</subfield>
    <subfield code="d">2017-10-23</subfield>
    <subfield code="e">DBAD/PUB.</subfield>
    <subfield code="g">160.00</subfield>
    <subfield code="l">0</subfield>
    <subfield code="o">270 &#x645; &#x62D; &#x645;</subfield>
    <subfield code="p">U-8385</subfield>
    <subfield code="r">2017-10-23 00:00:00</subfield>
    <subfield code="t">1</subfield>
    <subfield code="v">160.00</subfield>
    <subfield code="y">UR</subfield>
  </datafield>
  <datafield tag="952" ind1=" " ind2=" ">
    <subfield code="0">0</subfield>
    <subfield code="1">0</subfield>
    <subfield code="3">Vol,5</subfield>
    <subfield code="4">0</subfield>
    <subfield code="7">0</subfield>
    <subfield code="8">NFIC</subfield>
    <subfield code="a">AV</subfield>
    <subfield code="b">AV</subfield>
    <subfield code="d">2017-10-23</subfield>
    <subfield code="e">DBAD/PUB.</subfield>
    <subfield code="g">110.00</subfield>
    <subfield code="l">4</subfield>
    <subfield code="m">1</subfield>
    <subfield code="o">270 &#x645; &#x62D; &#x645;</subfield>
    <subfield code="p">U-8386</subfield>
    <subfield code="r">2025-09-10 00:00:00</subfield>
    <subfield code="s">2025-08-22</subfield>
    <subfield code="t">1</subfield>
    <subfield code="v">110.00</subfield>
    <subfield code="y">UR</subfield>
  </datafield>
  <datafield tag="952" ind1=" " ind2=" ">
    <subfield code="0">0</subfield>
    <subfield code="1">0</subfield>
    <subfield code="3">Vol,6</subfield>
    <subfield code="4">0</subfield>
    <subfield code="7">0</subfield>
    <subfield code="8">NFIC</subfield>
    <subfield code="a">ZLS</subfield>
    <subfield code="b">ZLS</subfield>
    <subfield code="d">2017-10-23</subfield>
    <subfield code="e">DBAD/PUB.</subfield>
    <subfield code="g">240.00</subfield>
    <subfield code="l">0</subfield>
    <subfield code="o">270 &#x645; &#x62D; &#x645;</subfield>
    <subfield code="p">U-8387</subfield>
    <subfield code="r">2017-10-23 00:00:00</subfield>
    <subfield code="t">1</subfield>
    <subfield code="v">240.00</subfield>
    <subfield code="y">UR</subfield>
  </datafield>
  <datafield tag="952" ind1=" " ind2=" ">
    <subfield code="0">0</subfield>
    <subfield code="1">0</subfield>
    <subfield code="3">Vol,7</subfield>
    <subfield code="4">0</subfield>
    <subfield code="7">0</subfield>
    <subfield code="8">NFIC</subfield>
    <subfield code="a">ZLS</subfield>
    <subfield code="b">ZLS</subfield>
    <subfield code="d">2017-10-23</subfield>
    <subfield code="e">DBAD/PUB.</subfield>
    <subfield code="g">175.00</subfield>
    <subfield code="l">0</subfield>
    <subfield code="o">270 &#x645; &#x62D; &#x645;</subfield>
    <subfield code="p">U-8388</subfield>
    <subfield code="r">2017-10-23 00:00:00</subfield>
    <subfield code="t">1</subfield>
    <subfield code="v">175.00</subfield>
    <subfield code="y">UR</subfield>
  </datafield>
</record>
